RPDR - Queens Who Have Lip Synced the Most - Statistics

General Stats
  • This quiz has been taken 36 times
    11 since last reset
  • The average score is 33 of 42
Answer Stats
# of Lip Syncs Lip Sync Appearances Answer % Correct
6 S5, AS2 Detox
100%
12 S7, AS6, AS10 Ginger Minj
100%
9 S5, AS7 Jinkx Monsoon
100%
14 S14, AS8, AS9, AS10 Jorgeous
100%
7 S3, AS7 Raja Gemini
100%
11 S5, AS2, AS5, AS9 Roxxxy Andrews
100%
9 S9, AS5, AS7 Shea Couleé
100%
14 S9, AS4, AS7 Trinity the Tuck
100%
7 S11, AS5, AS7 Yvie Oddly
100%
6 S15 Anetra
89%
8 S14, AS10 Bosco
89%
7 S2, AS1, AS5 Jujubee
89%
10 S13, AS8 Kandy Muse
89%
6 S7, AS2 Katya
89%
10 S17, AS10 Lydia B Kollins
89%
7 S3, AS1, AS4, AS6 Manila Luzon
89%
13 S10, AS4, AS5, AS7 Monét X Change
89%
8 S16 Morphine Love Dion
89%
11 S11, AS6, AS8 Silky Nutmeg Ganache
89%
6 S5, AS2, AS5 Alyssa Edwards
78%
10 S14, AS8, AS9 Angeria Paris VanMichaels
78%
7 S14, AS10 Daya Betty
78%
8 S12, AS6, AS7 Jaida Essence Hall
78%
6 S17 Kori King
78%
6 S4, AS1, AS4 Latrice Royale
78%
6 S2, AS1 Raven
78%
9 S10, S11, AS5, AS9 Vanessa Vanjie Mateo
78%
6 S9, AS3, AS8, AS10 Aja
67%
7 S6, AS3 BenDeLaCreme
67%
6 S13, AS10 Denali
67%
6 S7, AS3, AS5 Kennedy Davenport
67%
6 S13, AS8 Lala Ri
67%
9 S11, AS6, AS8 Ra'Jah O'Hara
67%
7 S13 Symone
67%
8 S10, AS6 Eureka
56%
7 S14, AS8 Jasmine Kennedie
56%
7 S10, AS6 Kameron Michaels
56%
6 S17 Lana Ja’Rae
56%
7 S11, AS9 Plastique Tiara
56%
7 S2, S3, AS3 Shangela
56%
7 S1, AS8, AS9 Shannel
56%
6 S16 Myi’ah Iman LePaige
22%
No matching quizzes found
Score Distribution
Percent of People with Each Score
Percentile by Number Answered
Your Score History
You have not taken this quiz since the last reset